|
|
|
|
| LEADER |
00000nab a2200000 a 4500 |
| 001 |
vtls000752722 |
| 003 |
SK-MaSNL |
| 005 |
20260302192259.0 |
| 008 |
040806c2001 xo 0 slo |
| 015 |
|
|
|a SNBRB2001/03-11904
|
| 035 |
|
|
|a CLN000104510
|
| 040 |
|
|
|a SNKBUCL
|b slo
|c SNKBUCL
|e AACR2
|
| 041 |
0 |
|
|a slo
|
| 044 |
|
|
|a xo
|c SK
|
| 080 |
|
|
|a 634.8.05
|2 UDC-MRF-SK2
|
| 100 |
1 |
|
|a Pospíšilová, Dorota,
|d 1930-
|4 aut
|9 194839
|
| 245 |
1 |
0 |
|a Reakcia viniča na ekológiu - ampeloekológia
|c Dorota Pospíšilová
|
| 300 |
|
|
|b Obr., tab.
|
| 500 |
|
|
|a Dokončenie v budúcom čísle
|
| 650 |
0 |
7 |
|a viniče
|2 SNKPH
|
| 650 |
0 |
7 |
|a ekológia
|2 SNKPH
|9 785
|
| 650 |
0 |
7 |
|a ampelografia
|2 SNKPH
|9 80837
|
| 655 |
|
7 |
|a články z novín a časopisov
|2 snkbucl
|9 267496
|
| 773 |
0 |
|
|x 1335-7514
|t Vinohrad a víno
|g Roč. 1, č. 1 (2001), s. 2-4
|
| 850 |
|
|
|a Slovenská národná knižnica v Martine
|
| 852 |
|
|
|a SNK
|b KIS3GCP
|
| 999 |
|
|
|c 1440178
|d 1442108
|